| 000 | 00655nam a22001937a 4500 | ||
|---|---|---|---|
| 999 |
_c11443 _d11443 |
||
| 008 | 181204b ||||| |||| 00| 0 eng | ||
| 020 | _a978-1-138-21345-6 | ||
| 082 |
_22018 _aDC 343.7309 _bC191 |
||
| 100 |
_aCaristi, Dom. _932810 |
||
| 245 |
_aCommunication law: _bpractical applications in the digital age/ _cDom Caristi, William R. Davie. |
||
| 250 | _aSecond Edition | ||
| 260 |
_aNew York: _bRoutledge, _c©2018. |
||
| 300 |
_ax, 449 pages: _billustrations; _c24 cm. |
||
| 500 | _aincludes glossary and indexes. | ||
| 650 |
_aMass media _932811 _xLaw and legislation |
||
| 700 |
_aDavie, William R. _932812 |
||
| 365 |
_b9,199 _cPhp |
||
| 942 |
_2ddc _cDC |
||